000 01087nam a22003137a 4500
003 CHAP
005 20220817042519.0
008 971013s1966 r 00010 d
010 _a46868
011 _a47840
035 _a51983
040 _cCHAP
090 _aFolleto 3498
110 _aFAO
245 _aReunión técnica conjunta FAO
_c/ OMS sobre métodos de planificación y evaluación de los programas de nutrición y evaluación de los programas de nutrición aplicada: informe
260 _aRoma :
_bFAO,
_c1966
300 _a82 p.
490 _aFAO. Reuniones sobre nutrición. Informe
_v; 39
590 _aBATCH-UPD
_b10
_c20130110
_lUCH01
_h1448
590 _aBATCH-UPD
_b10
_c20130410
_lUCH01
_h0916
590 _aBATCH-UPD
_b10
_c20130914
_lUCH01
_h1843
590 _aCONVERSION
_b10
_c20130109
_lUCH01
_h1326
650 1 4 _aNutrición.
_982246
710 0 _aOrganización Mundial de la Salud.
_983555
830 0 _aFAO. Reuniones sobre nutrición. Informe
_v; 39
_939680
901 _aBK
942 _cFOLL
949 _aFolleto 3498
_bBC
_cFAO
_d-116055
_eFAO1
_i51983
_mD
_si
999 _c46868
_d46868